00582nam a2200157 a 4500008004100000020001500041050001600056100002300072245002700095260004300122300002100165350000900186995008800195999001700283952012400300120416s0000 ||||||||||||||||| || u a0844286966 aHF 5827 Pat aPattis, S. William10aCareers in advertising aLincolnwoodbVGM Career Horizonsc1990 axi, 131p. : ill. a0.00 D0.00FCBU-MAIN LIBRARY (Kitwe)H1I14.95M1UAVAILABLEZAnnex Low-Usage Collection  c36746d36746 00102lcc4070a001b001cAnnex Low-Usage Collection d2022-11-30l0oHF 5827 Patp007144r2022-11-30w2022-11-30y002